| Tag |
First Indicator |
Second Indicator |
Subfields |
| LEADER |
00000cam a2200000 a 4500 |
| 001 |
in00000006958 |
| 005 |
20220103134357.0 |
| 007 |
cr unu a |
| 008 |
880219s1985 xx a b 00010 eng d |
| 035 |
|
|
|9 AAA1419AM
|
| 035 |
|
|
|a (OCoLC)17505575
|
| 040 |
|
|
|a TXA
|c TXA
|d UtOrBLW
|
| 049 |
|
|
|a TXAZ [Also in] [Archives]
|c 1 [A09355742], 2 [A09355750]
|
| 099 |
|
|
|a 1985
|a Thesis
|a M966
|
| 100 |
1 |
|
|a Munger, Craig Evans.
|
| 245 |
1 |
4 |
|a The metabolic fate of 4†, 15-diacetoxy-8α-(3- methylbutyryloxy-3α- hydroxy-12, 13-epoxytrichothec-[delta]9-ene (T-2 toxin) in bovine rumen fluid /
|c by Craig Evans Munger.
|
| 264 |
|
1 |
|a [Place of publication not identified] :
|b [publisher not identified] ;
|c 1985.
|
| 300 |
|
|
|a viii, 70 leaves :
|b illustrations ;
|c 29 cm.
|
| 336 |
|
|
|a text
|b txt
|2 rdacontent
|
| 337 |
|
|
|a computer
|b c
|2 rdamedia
|
| 338 |
|
|
|a online resource
|b cr
|2 rdacarrier
|
| 500 |
|
|
|a "Major subject: Veterinary Toxicology."
|
| 500 |
|
|
|a Typescript (photocopy).
|
| 500 |
|
|
|a Vita.
|
| 502 |
|
|
|b M.S.
|c Texas A&M University
|d 1985.
|
| 504 |
|
|
|a Bibliography: leaves 64-69.
|
| 530 |
|
|
|a Also available online.
|
| 650 |
|
0 |
|a Mycotoxicoses.
|
| 650 |
|
0 |
|a Trichothecenes
|x Metabolism.
|
| 650 |
|
0 |
|a Trichothecenes
|x Toxicology.
|
| 650 |
|
4 |
|a Major veterinary toxicology.
|
| 856 |
4 |
1 |
|u https://hdl.handle.net/1969.1/ETD-TAMU-1985-THESIS-M966
|z Link to OAKTrust copy
|t 0
|
| 999 |
|
|
|a MARS
|
| 999 |
f |
f |
|s 6c2ac6c1-8058-3ace-803f-999d75804280
|i 820308bc-f9ba-3cfb-9edb-8964f6974485
|t 0
|
| 952 |
f |
f |
|p noncirc
|a Texas A&M University
|b J.J. Pickle Campus
|c High Density Repository
|s HDR
|d Remote Storage
|t 0
|e 1985 Thesis M966
|h Other scheme
|i computer -- online resource
|m A14840937480
|
| 952 |
f |
f |
|a Texas A&M University
|b College Station
|c Electronic Resources
|s www_evans
|d Available Online
|t 0
|e 1985 Thesis M966
|h Other scheme
|
| 998 |
f |
f |
|a 1985 Thesis M966
|t 0
|l Available Online
|
| 998 |
f |
f |
|a 1985 Thesis M966
|t 0
|l Remote Storage
|